000 01045pam a2200301 i 4500
001 1862
003 BD-RjUL
005 20211208233429.0
008 750528r19761975nyu b 001 0 eng
020 _a0029036518 :
035 _a(BD-RjUL)1889
040 _aDLC
_cDLC
_dDLC
_dBD-RjUL
_beng
041 _aeng
082 0 0 _a301.18
_216
_bAPP
245 0 0 _aApproaches to the study of social structure /
_cedited by Peter M. Blau.
260 _aNew York :
_bFree Press ,
_cc1975 [ Published 1976].
300 _aix, 294 p. ;
_c22 cm.
500 _a"A Publication of the American Sociological Association."
504 _aIncludes bibliographical references and indexes.
650 0 _aSocial structure.
_96161
650 0 _aSociology
_xMethodology.
_96144
700 1 _aBlau, Peter Michael.
_96162
710 2 _aAmerican Sociological Association.
_96163
856 _uhttp://www.worldcat.org/title/approaches-to-the-study-of-social-structure/oclc/1500028&referer=brief_results
942 _2ddc
_cBK
999 _c1862
_d1862